000 00674nam a2200181 u 4500
001 000046609
005 20201002053010.0
008 170126s2010 sp r 000 0 spa d
020 _a9786071103963
082 _a291.4
_bC549s
100 1 _aChopra, Deepak,
_d1947-
_974608
245 1 0 _aSincro destino :
_bdescifra el significado oculto de las coincidencias en tu vida y crea los milagros que has soñado /
_cDeepak Chopra ; traducción Gerardo Hernández Clark.
260 _aMéxico :
_bPunto de lectura,
_c2010.
300 _a225 p ; :
_bil. ;
_c21 cm.
500 _aIncluye datos biográficos del autor
700 1 2 _aHernández Clark, Gerardo
_974609
999 _c46098
_d46098
040 _aDO-SdBNP